| 000 | 00792nam a2200205Ia 4500 | ||
|---|---|---|---|
| 003 | IN-BaIIA | ||
| 008 | 211028s9999 xx 000 0 eng d | ||
| 040 | _cIIA Library | ||
| 080 |
_a535.14(082.2) _bADA |
||
| 111 |
_aTopical Meeting on Adaptive Optics _cGermany _d1995 Oct. 2-6 _922821 |
||
| 245 | 0 |
_aAdaptive optics _bproceedings of the topical meeting on adaptive optics held in Garching Bei Munchen, Germany, 2-6 Oct 1995 _cedited by M. Cullum |
|
| 260 |
_aGermany _bEuropean Space Observatory _c1996 |
||
| 300 | _axiii, 542p. | ||
| 490 | _aESO conference and workshop proceedings; no. 54 | ||
| 650 | _aAdaptive optics | ||
| 650 | _aOptics | ||
| 700 |
_aCullum, M .,ed. _922822 |
||
| 710 |
_aEuropean Space Observatory _922823 |
||
| 942 | _cBK | ||
| 999 |
_c12994 _d12994 |
||